Zbierka príkladov z účtovnej evidencie 1. časť Základy

Bibliographic Details
Main Authors: Laučík, Zdenko, 1929- (Author), Sedláček, Jozef, 1924-2021 (Author)
Format: Book
Language:Slovak
PhysicalDescription:175, [2] strán, [1] príl. ilustrácie 4°
Published: Bratislava SPN Rektorát Vysokej školy ekonomickej 1959
Edition:1. vydanie
Series:Vysokoškolské učebné texty
Subjects:

MARC

LEADER 00000cam a2200000 a 4500
001 vtls008358333
003 SK-MaSNL
005 20260301164856.0
008 251104s1959 xo a 000 slo
015 |a SKSNBA1959/12-01880 
020 |q (brožované) 
035 |a SK01SNK19590050550 
035 |a SKM000053013 
040 |a SNK  |b slo  |c SNK  |e AACR2 
041 1 |a slo 
044 |a xo  |c SK 
080 |a 657.2(075.8)(076.5)  |2 1981 
100 1 |a Laučík, Zdenko,  |d 1929-  |4 aut  |9 14384 
245 1 0 |a Zbierka príkladov z účtovnej evidencie  |n 1. časť  |p Základy  |c Zdeno Laučík, Jozef Sedláček 
250 |a 1. vydanie 
260 |a Bratislava  |b SPN  |b Rektorát Vysokej školy ekonomickej  |c 1959  |e Bratislava  |f Západoslovenské tlačiarne 
300 |a 175, [2] strán, [1] príl.  |b ilustrácie  |c 4° 
336 |a text  |2 txt  |2 rdacontent 
336 |a statický obraz  |2 sti  |2 rdacontent 
366 |e 355 kusov 
490 1 |a Vysokoškolské učebné texty 
500 |a Ilustr. Tab. 
500 |a Vyd. SPN pre VŠE 
650 0 7 |a účtovná evidencia  |2 SNKPH  |9 93911 
650 0 7 |a príklady  |2 SNKPH  |9 30624 
655 7 |a učebnice  |2 SNKPH  |9 22521 
655 7 |a učebnice vysokých škôl  |2 SNKPH  |9 70191 
700 1 |a Sedláček, Jozef,  |d 1924-2021  |4 aut  |9 46696 
830 0 |a Vysokoškolské učebné texty  |9 276539 
852 |a Slovenská národná knižnica v Martine  |b 10000  |h SB 6085/1 
919 |a brož. 
958 |a RK 
958 |a TL 
958 |a UV 
999 |c 822113  |d 824043 
952 |a SNK  |b SNK  |y VYP  |7 0  |p 17A1531380  |o snkSB 6085/1 D1  |i snk2024/1724  |8 7  |0 0  |1 0  |4 0  |d 2024-01-30  |l 0  |r 2026-02-24 03:10:14  |w 2026-02-24 
952 |a SNK  |b SNK  |y PREZ  |7 0  |p 17A0740402  |o snkSB 6085/1  |i snkKSP 4077/59  |0 0  |1 0  |4 0  |d 2024-01-30  |l 0  |r 2025-02-21 00:00:00  |w 2026-02-24